Monografías hortícolas: ajo, cebolla, coliflor, repollito de Bruselas, pimentón y ají, haba
Guardat en:
| Autor corporatiu: | |
|---|---|
| Format: | Llibre |
| Idioma: | espanyol |
| Publicat: |
Santiago
Pontificia Universidad Católica de Chile
1987
Santiago CORFO 1987 |
| Matèries: | |
| Etiquetes: |
Afegir etiqueta
Sense etiquetes, Sigues el primer a etiquetar aquest registre!
|
MARC
| LEADER | 00000nam a2200000 a 4500 | ||
|---|---|---|---|
| 001 | UCV7125 | ||
| 003 | CL-VaPUC | ||
| 008 | 880505e19870000CL |||||||||||||||||spa|d | ||
| 082 | 0 | 4 | |a 635 |b PON |2 21 |
| 110 | 2 | |a Pontificia Universidad Católica de Chile |e author |9 301144 | |
| 245 | 1 | 0 | |a Monografías hortícolas: ajo, cebolla, coliflor, repollito de Bruselas, pimentón y ají, haba |
| 300 | |a 135 p | ||
| 942 | |c BK | ||
| 945 | |d 19880505 00:00:00 | ||
| 260 | |a Santiago |b Pontificia Universidad Católica de Chile |c 1987 | ||
| 260 | |a Santiago |b CORFO |c 1987 | ||
| 650 | 0 | |a Ajo (Allium sativum) |9 264164 | |
| 650 | 0 | |a Cebolla (Allium cepa) |9 264165 | |
| 650 | 0 | |a Horticultura |9 259721 | |
| 651 | 7 | |a CHILE |2 CL-VaPUC |9 301145 | |
| 583 | |a last modification |c 20130410 10:23:09 |k Rodrigo Vera | ||
| 999 | |c 212858 |d 212856 | ||
| 952 | |0 0 |1 0 |4 0 |6 635_000000000000000_PON_1987_1987 |7 0 |8 A |9 194635 |a BIBAGR |b BIBAGR |d 2019-11-14 |i 2627833 |o 635 PON 1987 1987 |p 2627833 |r 2025-01-20 |w 2019-11-14 |y BK |k AGR | ||
| 952 | |0 0 |1 0 |4 0 |6 635_000000000000000_PON_1987_1987 |7 0 |8 A |9 194636 |a BIBAGR |b BIBAGR |d 2019-11-14 |i 2627841 |o 635 PON 1987 1987 |p 2627841 |r 2025-01-20 |w 2019-11-14 |y BK |k AGR | ||
| 952 | |0 0 |1 0 |4 0 |6 635_000000000000000_PON_1987_1987 |7 0 |8 A |9 194638 |a BIBAGR |b BIBAGR |d 2019-11-14 |i 2627876 |o 635 PON 1987 1987 |p 2627876 |r 2025-01-20 |w 2019-11-14 |y BK |k AGR | ||
| 952 | |0 0 |1 0 |4 0 |6 635_000000000000000_PON_1987_1987 |7 0 |8 A |9 194640 |a BIBAGR |b BIBAGR |d 2019-11-14 |i 4040147 |o 635 PON 1987 1987 |p 4040147 |r 2025-01-20 |w 2019-11-14 |y BK |k AGR | ||